000 00593nam a2200205 4500
001 137232
003 ES-MaACL
005 20260524164330.0
007 t|
008 070214s1956 sp r ||||1| spa d
100 1 _aSamaniego, Félix María de.
_9102153
245 1 0 _aFábulas /
_cFélix María de Samaniego.
250 _a3ª. ed.
260 _aMadrid :
_bEspasa-Calpe,
_c1956.
300 _a157 p. ;
_c18 cm.
490 1 _aCol. austral ;
_v632
830 0 _aColección austral
_v632
_9177655
852 _aES-MaACL
_jC-11948
_bR.39856
999 _c137232
_d137232